Представление документа в формате RUSMARC

ПолеНазваниеЗначение
  Тип записи a
  Библиографический уровень a
001 Контрольный номер UONB/MAIN/f842d5ce4c2d409fa3f05b5dfb44ebd9
005 Дата корректировки 20260508160026.6
100 Данные общей обработки __
a Данные общей обработки 20260508 ||| 0rusy0189 ca
101 Язык документа 0_
a Язык текста rus
102 Страна публикации __
a Страна публикации RU
200 Заглавие и сведения об ответственности 1_
a Заглавие Подвиг во имя жизни
f Первые сведения об ответственности А. Идрисова
203 Вид содержания и тип средства __
a Вид содержания Текст
b Характеристика содержания визуальный
c Тип средства непосредственный
215 Физическое описание __
c Иллюстрации/тип воспроизводства ил., портр.
330 Аннотация __
a Аннотация В Цильнинском районе наградили участников ликвидации аварии на Чернобыльской АЭС.
461 Уровень набора _0
1 2000
a Цильнинские новости
463 Уровень физической единицы _0
1 2000
a № 17 (1388) (29 апреля)
v С. 5
1 2101
d 2026
1 001UONB/MAIN/d7a72bb4960c46cab76b5d9d0b0f2d08
600 Персоналии _1
a Персоналии (Фамилия) Аюгов
b Персоналии (Имя, инициалы) П. А.
g Полное имя Петр Алексеевич
600 Персоналии _1
a Персоналии (Фамилия) Бабушкин
b Персоналии (Имя, инициалы) Н. А.
g Полное имя Николай Андреевич
600 Персоналии _1
a Персоналии (Фамилия) Елексин
b Персоналии (Имя, инициалы) В. В.
g Полное имя Владимир Васильевич
600 Персоналии _1
a Персоналии (Фамилия) Емельянов
b Персоналии (Имя, инициалы) В. П.
g Полное имя Виталий Павлович
600 Персоналии _1
a Персоналии (Фамилия) Ермолаев
b Персоналии (Имя, инициалы) П. И.
g Полное имя Петр Иванович
600 Персоналии _1
a Персоналии (Фамилия) Калягин
b Персоналии (Имя, инициалы) А. В.
g Полное имя Анатолий Васильевич
600 Персоналии _1
a Персоналии (Фамилия) Коннов
b Персоналии (Имя, инициалы) А. П.
g Полное имя Анатолий Павлович
600 Персоналии _1
a Персоналии (Фамилия) Купцов
b Персоналии (Имя, инициалы) А. И.
g Полное имя Анатолий Иванович
600 Персоналии _1
a Персоналии (Фамилия) Пешне
b Персоналии (Имя, инициалы) Г. В.
g Полное имя Георгий Васильевич
607 Географические рубрики __
a Географическое наименование Цильнинский район (Ульяновская область)
610 Ключевые слова 0_
a Ключевые слова награждения; ликвидаторы аварии на Чернобыльской АЭС; техногенные катастрофы
686 Индексы других классификаций __
a Классификационный индекс 68.69
2 Код системы rubbk
700 Автор _1
a Фамилия Идрисова
b Имя (инициалы) А.
g Полное личное имя Альфия
801 Источник записи _0
a Страна RU
b Организация Ульяновская ОНБ
c Дата составления 20260508
g Правила каталогизации RCR
801 Источник записи _1
a Страна RU
b Организация Ульяновская ОНБ
c Дата составления 20260508
g Правила каталогизации RCR
901 Тип документа __
t Тип документа f
w Контрольный № источника UONB/MAIN/d7a72bb4960c46cab76b5d9d0b0f2d08
909 Создатель записи __
a Создатель записи Логинова
b Дата создания записи 20260508